Players Who Played for Both Clubs - Statistics

General Stats
  • This quiz has been taken 402 times
    282 since last reset
  • The average score is 3 of 9
Answer Stats
Answer % Correct
David de Gea / Diego Forlán / Radamel Falcao / Quinton Fortune / Ricardo / Sergio Reguilón
69%
Edinson Cavani / Laurent Blanc / Axel Tuanzebe / William Prunier
50%
Kieran Trippier / Toby Alderweireld / Sergio Reguilón
49%
Mario Mandžukić / Lucas Hernandez / José Sosa / Adolfo Valencia
41%
Pepe Reina / Massimo Oddo / José Sosa / Kim Min-jae
30%
Fernando Llorente / Tanguy Ndombele / Carlos Vinícius / Vlad Chiricheș
27%
Eric Cantona / Gabriel Obertan / Jesper Olsen / David Bellion / William Prunier
22%
Jean-Pierre Papin / Bixente Lizarazu / Gernot Rohr / Alou Diarra / Diego Contento
12%
Clive Allen / Stéphane Dalmat
2%
No matching quizzes found
Score Distribution
Percent of People with Each Score
Percentile by Number Answered
Your Score History
You have not taken this quiz since the last reset